Nurse in Blue (Record no. 727)

MARC details
000 -LEADER
fixed length control field 00321nam a22001337a 4500
003 - CONTROL NUMBER IDENTIFIER
control field OSt
005 - DATE AND TIME OF LATEST TRANSACTION
control field 20160727222408.0
008 - FIXED-LENGTH DATA ELEMENTS--GENERAL INFORMATION
fixed length control field 160624b xxu||||| |||| 00| 0 eng d
100 ## - MAIN ENTRY--PERSONAL NAME
9 (RLIN) 914
Personal name Taber, G
245 ## - TITLE STATEMENT
Title Nurse in Blue
260 ## - PUBLICATION, DISTRIBUTION, ETC. (IMPRINT)
Place of publication, distribution, etc. Philadelphia
Name of publisher, distributor, etc. The Slakiston Com.
Date of publication, distribution, etc. 1943
300 ## - PHYSICAL DESCRIPTION
Extent Nurse in Blue
942 ## - ADDED ENTRY ELEMENTS (KOHA)
Source of classification or shelving scheme Dewey Decimal Classification
Koha item type BOOK
Holdings
Withdrawn status Lost status Source of classification or shelving scheme Damaged status Not for loan Home library Current library Shelving location Date acquired Total Checkouts Full call number Barcode Date last seen Price effective from Koha item type
    Dewey Decimal Classification     Good Samaritan School Library Good Samaritan School Library FICTION 06/24/2016   823 TAB1219 06/24/2016 06/24/2016 BOOK

Powered by Koha